01026nas a2200253Ia 4500001001100000003000900011008004100020040001300061040001300074041001300087100004900100210001300149222001300162245008100175250001100256260002500267501008600292300001800378362003500396500026000431650003600691700001600727700002900743R036/44107IT-RoPAU151124c99999999xx |||||||||||| ||und|| aIT-RoPAU cIT-RoPAU aITALIANO aPudovchin VsevolodgCodice Aut. SPICS: 2299 aSEQUENZE aSequenze aSEQUENZE, ANNO 1-N.03 (NOVEMBRE 1949)bCinema Sovietico (Il)-Notizia Storica a1a ed. aPARMAbMACCARIc1949 bPaulus - SPICS - Società San Paolo EM (non-commercial uses only)cCopyright2015 a15 p. [31-45] aANNO 001, N.03 (NOVEMBRE 1949) aNascita del Cinema Sovietico: i Documentari. Film a Soggetto e Tendenze Formalistiche. Film Rivoluzionari. Svolta Decisiva Verso il Realismo Socialista. Biografie di Rivoluzionari Militanti. Un Nuovo Personaggio: il Kolkhoziano. Film Storici e Film Classi aCINEMAvPUBBLICAZIONE PERIODICA aSmirnova E. gCodice Aut. SPICS: 39073